| 000 | 00730nam a2200193 a 4500 | ||
|---|---|---|---|
| 001 | 000030641 | ||
| 005 | 20250131205119.0 | ||
| 008 | 110525s1946 dr r 000 | spa d | ||
| 040 |
_aDO-SdBNP _bspa _cBNPHU |
||
| 082 |
_axxx _bU58f 1946 |
||
| 110 | 2 |
_aUniversidad de Santo Domingo _937767 |
|
| 245 | 1 | 0 |
_aFacultad de filosofía : _bbases para su restablecimiento, ley que la organiza, reglamento, normas y sugestiones que regulan su funcionamiento. |
| 250 | _a2a ed. | ||
| 260 |
_aCiudad Trujillo, República Dominicana : _bPol Hermanos, _c1946. |
||
| 300 |
_a71 p. ; _c23 cm. |
||
| 490 | 1 |
_aUniversidad de Santo Domingo _v5 |
|
| 500 | _aIncluye notas al pie de las páginas. | ||
| 830 | 0 |
_aUniversidad de Santo Domingo; _n5 _957229 |
|
| 999 |
_c30133 _d30133 |
||